Brani certificati dischi di diamante in Italia - Statistics

Statistiche generali
  • Questo quiz è stato fatto 30 volte
  • Il punteggio medio è 3 su 5
Statistiche sulle risposte
Cantante Anno Canzone % Corretto
Luis Fonsi feat. Daddy Yankee 2017 Despacito
80%
Baby K feat. Giusy Ferreri 2015 Roma-Bangkok
80%
Ed Sheeran 2017 Shape of You
64%
Artisti Uniti per l'Abruzzo 2009 Domani 21/04.2009
48%
Sia feat. Sean Paul 2015 Cheap Thrills
20%
Nessun quiz corrispondente trovato
Distribuzione punteggi
Percentuale di utenti per punteggio
Percentile per numero di risposta
I tuoi punteggi nel tempo
Non hai fatto questo quiz